ダンガンロンパシリーズの声優 - Statistics

General Stats
  • This quiz has been taken 17 times
  • The average score is 31 of 71
Answer Stats
キャラクター キャスト % Correct
モノクマ 大山のぶ代
81%
苗木誠 緒方恵美
81%
狛枝凪斗 緒方恵美
81%
七海千秋 花澤香菜
81%
霧切響子 日笠陽子
75%
田中眼蛇夢 杉田智和
75%
桑田怜恩 櫻井孝宏
69%
十神白夜 石田彰
69%
腐川冬子 沢城みゆき
69%
花村輝々 福山潤
69%
十神白夜 石田彰
69%
万代大作 釘宮理恵
69%
山田一二三 山口勝平
63%
大神さくら くじら
63%
日向創 高山みなみ
63%
王馬小吉 下野紘
63%
星竜馬 大塚明夫
63%
大和田紋土 中井和哉
56%
小泉真昼 小林ゆう
56%
最原終一 林原めぐみ
56%
真宮寺是清 鈴村健一
56%
江ノ島盾子 豊口めぐみ
50%
終里赤音 朴璐美
50%
辺古山ペコ 三石琴乃
50%
西園寺日寄子 三森すずこ
50%
左右田和一 細谷佳正
50%
モナカ 平野綾
50%
モノクマーズ 山寺宏一
50%
赤松楓 神田沙也加
50%
天海蘭太郎 緑川光
50%
百田解斗 木村良平
50%
朝日奈葵 斎藤千和
44%
澪田唯吹 小清水亜美
44%
罪木蜜柑 茅野愛衣
44%
新月渚 伊瀬茉莉也
44%
安藤流流歌 水瀬いのり
44%
キーボ 柿原徹也
44%
白銀つむぎ 小松未可子
44%
春川魔姫 坂本真綾
44%
モノクマ(2代目) TARAKO
44%
舞園さやか 大本眞基子
38%
セレスティア・ルーデンベルク 椎名へきる
38%
石丸清多夏 鳥海浩輔
38%
苗木こまる 内田彩
38%
煙蛇太郎 上坂すみれ
38%
雪染ちさ 中原麻衣
38%
東条斬美 井上喜久子
38%
大門大 潘めぐみ
31%
宗方京助 森川智之
31%
入間美兎 石田晴香
31%
獄原ゴン太 武内駿輔
31%
茶柱転子 徳井青空
31%
夢野秘密子 田中あいみ
31%
夜長アンジー 鈴木みのり
31%
葉隠康比呂 松風雅也
25%
不二咲千尋 宮田幸季
25%
モノミ 貴家堂子
25%
九頭龍冬彦 岸尾だいすけ
25%
弐大猫丸 安元洋貴
25%
塔和灰慈 三木眞一郎
25%
逆蔵十三 諏訪部順一
25%
黄桜公一 藤原啓治
25%
ソニア・ネヴァーマインド 荒川美穂
19%
十六夜惣之助 江口拓也
19%
グレート・ゴズ 三宅健太
19%
忌村静子 藤田咲
13%
御手洗亮太 本郷奏多
13%
天願和夫 柴田秀勝
13%
空木言子 荒浪和沙
6%
葉隠浩子 石黒千尋
6%
朝日奈悠太 青山桐子
6%
No matching quizzes found
Score Distribution
Percent of People with Each Score
Percentile by Number Answered
Your Score History
You have not taken this quiz